000 00714nam a2200229Ia 4500
001 9001
003 GE_BSU
008 181216s||||||||xx |||||||||||||| ||und||
040 _cGE_BSU
080 _a821.353.1–1
100 _aკახიძე,მედეა
245 _aსიყვარულის ასაკი
245 _bლექსები
245 _cრედ.გრ.აბაშიძე.მხატვ.ლ.ავალიანი
260 _aთბილისი
260 _bსაბჭ.მწერალი
260 _c1955
300 _a87გვ.17სმ.
653 _aლექსები
653 _aსიყვარულის ასაკი
942 _cBK
999 _c42306
_d42306